| 000 | 00469nam a22001817a 4500 | ||
|---|---|---|---|
| 003 | OSt | ||
| 005 | 20140310181756.0 | ||
| 008 | 130629t xxu||||| |||| 00| 0 eng d | ||
| 020 | _a9715692745 | ||
| 050 |
_aPN 6071 _b.P295 1998 |
||
| 082 |
_aFIL 398.2 _bP27 1998 |
||
| 245 |
_aAnimasia's Ibong adarna / _cMaria Elena Paterno. |
||
| 260 |
_aPhilippines : _bBookmark, _c1998 |
||
| 300 |
_a81 p. : _c29 cm. _bill. ; |
||
| 562 | _e1 | ||
| 942 |
_2lcc _cBK |
||
| 999 |
_c3443 _d3443 |
||